| 000 | 00610nam a2200205 a 4500 | ||
|---|---|---|---|
| 005 | 20240314090547.0 | ||
| 008 | 170831s2007 mx r 000 0 spa d | ||
| 020 | _a9686772588 | ||
| 035 | _aUPN01000220082 | ||
| 049 | _aI | ||
| 050 | 4 |
_aSB357.2 _bE3.7 |
|
| 100 | 1 |
_aEchegaray, Miguel Angel _934186 |
|
| 245 | 1 | 0 |
_aTesoro de arte mexicano : _bfrutas / _cMiguel Angel Echegaray. |
| 260 |
_aMéxico : _bPinacoteca 2000, _c2007. |
||
| 300 |
_a31 p. : _bil. col. |
||
| 650 | 4 |
_aFrutas _vLiteratura infantil _927510 |
|
| 650 | 4 |
_aFRUTAS - _zMEXICO - _xHISTORIA _921209 |
|
| 905 | _aInfantil | ||
| 999 |
_c192181 _d192181 |
||